| 000 | 00959nam a2200301Ia 4500 | ||
|---|---|---|---|
| 003 | OSt | ||
| 005 | 20221007124805.0 | ||
| 006 | a|||||r|||| 00| 0 | ||
| 007 | ta | ||
| 008 | 221006b |||||||| |||| 00| 0 eng d | ||
| 020 | _a9780486414645 (pbk) | ||
| 024 | _a195031 | ||
| 037 |
_b962, 10/12/2015, Dhanraj Book House _cTextual |
||
| 040 |
_aCDL _cCDL _beng |
||
| 041 |
_2eng _aeng |
||
| 082 | _aE:219, N0;12-;14 Carc | ||
| 100 | _aPilar Frank L | ||
| 245 | 0 | _aElementary quantum chemistry | |
| 250 | _a2 | ||
| 260 |
_aNew _bYork Dover Publication _c1990 |
||
| 300 |
_axvi, 599p. ill. _ccm. |
||
| 500 | _aAppendix 511-584p.; Name index 585-590p.; Subject index 591-599p. | ||
| 650 |
_a Electronic structure _9720494 |
||
| 650 | _a Molecular symmetry | ||
| 650 |
_aHydrogen atom _9716664 |
||
| 942 |
_hE:219, N0;12-;14 Carc _cTEXL _2CC |
||
| 999 |
_c1214126 _d1214126 |
||